000 03180nam0a2200481 4500
001 RU\NLR\BIBL_A\012520523
005 20241112142100.0
010 _a978-5-6044616-7-9
_91000
021 _aRU
_bКН-П-20-088714
_9КН-П-20-6741
035 _a(NLR Aleph) 012520523
035 _a(RuMoRGB)010541060
090 _a12321850
_c12321850
100 _a20210518d2020 k y0rusy50 ca
101 0 _arus
102 _aRU
105 _aa|||z|||000zy
181 0 _ai
_baxxe
182 0 _an
200 1 _aВакуумированная теплоизоляция на основе дисперсных порошков микрокремнезема
_eмонография
_fВ.П. Селяев, С.М. Анпилов, Е.Л. Кечуткина [и др.]
_gпод редакцией академика РААСН, заслуженного деятеля науки Российской Федерации В.П. Селяева
_gМинистерство науки и высшего образования Российской Федерации, Федеральное государственное бюджетное образовательное учреждение высшего образования "Мордовский государственный университет им. Н.П. Огарёва"
203 _aТекст
_bвизуальный
_cнепосредственный
210 _aТольятти
_cИзд-во ИССТЭ
_d2020
215 _a163, [1] с.
_cил., табл.
_d21
300 _aНа 163-й с. авт.: Селяев В.П. - засл. деят. науки РФ, акад. РААСН, д-р техн. наук, проф., Анпилов С.М. - засл. изобретатель РФ, д-р техн. наук, Кечуткина Е.Л. - инж. [и др.]
300 _aАвт. указаны на обороте тит. с.
320 _aБиблиогр.: с. 153-162 (105 назв.)
606 1 _aТеплоизоляция вакуумная
_2nlr_sh2
_3RU\NLR\AUTH\6601689835
606 1 _aТеплоизоляционные материалы на основе кремнезёма
_2nlr_sh2
_3RU\NLR\AUTH\6601695345
606 1 _aЗдания
_xТепловая изоляция
_2nlr_sh2
_3RU\NLR\AUTH\661588398
606 1 _aТеплоизоляционные материалы
_xПрименение в строительстве
_2nlr_sh1
_2nlr_sh2
_3RU\NLR\AUTH\661439186
686 1 _aЗ36-038
686 1 _aЛ428.85
686 1 _aН113.67
686 1 _aН307.6
701 1 _aСеляев
_bВ. П.
_f1944-
_gВладимир Павлович
701 1 _aАнпилов
_bС. М.
_gСергей Михайлович
701 1 _aКечуткина
_bЕ. Л.
_gЕвгения Львовна
712 0 2 _aНациональный исследовательский Мордовский государственный университет им. Н. П. Огарева
_cСаранск
_3RU\NLR\AUTH\880618073
_4570
942 _cBOOK
980 _aNBR
980 _aNB